País blanco y negro
Salvato in:
| Autore principale: | |
|---|---|
| Natura: | Libro |
| Lingua: | spagnolo |
| Pubblicazione: |
Santiago
Ediciones Biblioteca Nacional
2019
|
| Edizione: | 1a. ed |
| Serie: | Biblioteca Nacional, 11
|
| Soggetti: | |
| Tags: |
Aggiungi Tag
Nessun Tag, puoi essere il primo ad aggiungerne!!
|
MARC
| LEADER | 00000cam a2200000 a 4500 | ||
|---|---|---|---|
| 001 | UCC9454 | ||
| 003 | CL-VaPUC | ||
| 008 | 190927e20190000cl |||||||||||||||||spa|d | ||
| 020 | |a 9789562444392 | ||
| 082 | 0 | 4 | |a Ch863 |b VAL |2 21 |
| 100 | 0 | |a Valle, Rosamel del |e author |9 430303 | |
| 245 | 1 | 0 | |a País blanco y negro |
| 250 | |a 1a. ed | ||
| 300 | |a 75 p | ||
| 942 | |c BK | ||
| 945 | |d 20190927 15:31:00 |a dcastane | ||
| 260 | |a Santiago |b Ediciones Biblioteca Nacional |c 2019 | ||
| 650 | 0 | |a Prosa chilena |9 267787 | |
| 650 | 0 | |a Literatura chilena |9 308278 | |
| 583 | |a last modification |c 20190927 15:31:00 |k Rodrigo Vera | ||
| 490 | 0 | |a Biblioteca Nacional, 11 | |
| 999 | |c 375635 |d 375633 | ||
| 952 | |0 0 |1 0 |3 erb |4 0 |6 CH_863_000000000000000_VAL_2019 |7 0 |8 ? |9 494642 |a BIBEDU |b BIBEDU |i 5605881 |o Ch863 VAL 2019 |p 5605881 |r 2019-11-24 |w 2019-11-24 |y BK |z Catalogado en:20190927 |k LIT | ||